A limited edition lithigraphic reproductions of two dance drawings by Junyer

Publicado: [s.l.] : [s.n.]
Descripción Física: full plegat : il·lustracions en blanc i negre ; 9 x 14 cm
Idioma: Catalán , English

MARC

LEADER 00000nam a2200000 a 4500
001 29096
003 AGDB
005 20260324181541.0
008 251205b spa||||| |||| 00| 0 cat d
040 |a agdb  |b cat 
041 |a eng 
245 |a A limited edition lithigraphic reproductions of two dance drawings by Junyer 
260 |a [s.l.] :  |b [s.n.]  |c [s.a.] 
300 |a full plegat :  |b il·lustracions en blanc i negre ;  |c 9 x 14 cm 
380 |a Fulletó 
500 |a Prové del fons Joan Junyer i Pascual (1909-1994) 
500 |a Inclou reproducció de dues obres de Joan Junyer: "IN" i "OUT" 
650 |a Fons Joan Junyer i Pascual (1909-1994)  |9 72777 
700 |a Junyer, Joan,  |d 1904-1994  |9 53028 
942 |2 udc  |c ARXIU  |n 1 
952 |0 0  |1 0  |2 udc  |4 0  |6 F504181  |7 1  |9 98750  |a Arxiu  |b Arxiu  |d 2025-12-05  |l 0  |o F-504-181  |p 24939  |r 2025-12-05 10:49:19  |w 2025-12-05  |y ARXIU 
952 |0 0  |1 0  |2 udc  |4 0  |6 F504182  |7 1  |9 98751  |a Arxiu  |b Arxiu  |d 2025-12-05  |l 0  |o F-504-182  |p 29096  |r 2025-12-05 10:56:26  |w 2025-12-05  |y ARXIU 
952 |0 0  |1 0  |2 udc  |4 0  |6 F504183  |7 1  |9 98752  |a Arxiu  |b Arxiu  |d 2025-12-05  |l 0  |o F-504-183  |p 29097  |r 2025-12-05 10:56:48  |w 2025-12-05  |y ARXIU 
952 |0 0  |1 0  |2 udc  |4 0  |6 F504184  |7 1  |9 98753  |a Arxiu  |b Arxiu  |d 2025-12-05  |l 0  |o F-504-184  |p 29098  |r 2025-12-05 10:57:31  |w 2025-12-05  |y ARXIU 
952 |0 0  |1 0  |2 udc  |4 0  |6 F504185  |7 1  |9 98754  |a Arxiu  |b Arxiu  |d 2025-12-05  |l 0  |o F-504-185  |p 29099  |r 2025-12-05 10:57:48  |w 2025-12-05  |y ARXIU 
952 |0 0  |1 0  |2 udc  |4 0  |6 F504186  |7 1  |9 98755  |a Arxiu  |b Arxiu  |d 2025-12-05  |l 0  |o F-504-186  |p 29100  |r 2025-12-05 10:58:56  |w 2025-12-05  |y ARXIU 
999 |c 130472  |d 130472